La ejecución de la pena privativa de la libertad en Costa Rica: principios rectores (Registro nro. 8063)
[ vista simple ]
| 000 -Cabecera | |
|---|---|
| Campo de control de longitud fija | 00967nam a22003377a 4500 |
| 005 - Fecha y hora de la última transacción | |
| Campo de control | 20250819154328.0 |
| 008 - Elementos de longitud fija--Información general | |
| Campo de control de longitud fija | 160516b2022 xxu||||| |||| 00| 0 spa d |
| 020 ## - International Standard Book Number | |
| Número Internacional Estándar del Libro (ISBN) | 9789930520956 |
| 041 ## - Idioma | |
| Código de idioma | Español |
| 082 ## - Clasificación Decimal Dewey | |
| Número de clasificación | 345 A769e |
| 100 ## - Entrada principal--Autor personal | |
| Nombre personal | Arocena, Gustavo Alberto |
| 9 (RLIN) | 65167 |
| 245 ## - Título propiamente dicho | |
| Título | La ejecución de la pena privativa de la libertad en Costa Rica: principios rectores |
| 260 ## - Pie de imprenta | |
| Lugar de publicación, distribución, etc. | Costa Rica |
| 260 ## - Pie de imprenta | |
| Nombre del editor, distribuidor, etc. | Jurídica Continental |
| 260 ## - Pie de imprenta | |
| Fecha de publicación, distribución, etc. | 2022 |
| 300 ## - Descripción física | |
| Extensión | 224 páginas |
| 490 ## - Serie | |
| Título de la Serie | Investigación Criminal |
| 650 ## - Materia general | |
| Temática (materia general) | DERECHO PENAL |
| 650 ## - Materia general | |
| Temática (materia general) | COSTA RICA |
| 650 ## - Materia general | |
| Temática (materia general) | LIBERTAD |
| 650 ## - Materia general | |
| Temática (materia general) | PENAS |
| 650 ## - Materia general | |
| Temática (materia general) | EJECUCIÓN PENITENCIARIA |
| 650 ## - Materia general | |
| Temática (materia general) | REINSERCIÓN SOCIAL |
| 650 ## - Materia general | |
| Temática (materia general) | PRINCIPIO DE LEGALIDAD |
| 650 ## - Materia general | |
| Temática (materia general) | PRINCIPIO DE DIGNIDAD |
| 650 ## - Materia general | |
| Temática (materia general) | PROHIBICIÓN DE TORTURA |
| 650 ## - Materia general | |
| Temática (materia general) | DIVERSIDAD CULTURAL |
| 650 ## - Materia general | |
| Temática (materia general) | PERSONAL PENITENCIARIO |
| 650 ## - Materia general | |
| Temática (materia general) | RESOLUCIÓN ALTERNATIVA DE CONFLICTOS |
| 942 ## - Punto de acceso adicional KOHA | |
| Tipo de ítem KOHA | Libro |
| Fuente del sistema de clasificación o colocación | Dewey Decimal Classification |
| Signatura completa | Código de barras | Programa Académico | Tipo de ítem |
|---|---|---|---|
| 345 A769e | 25500 | Investigación Criminal | Libro |